000
00304nam a22001337a 4500
008
170215b xxu||||| |||| 00| 0 eng d
020
_a
9780077309336
041
_a
eng
080
_a
61
100
_a
4
101
_a
SHM
245
_a
DIFFERENTING SURGICAL INSTRUMENTS
_c
RUTHERFORD, C.J
942
_2
udc
_c
BK
999
_c
5556
_d
5556